00643nam a2200169Ia 4500008004000000020001800040082001700058100003300075245005200108260003500160300001300195650005100208690001800259906000900277999001900286952016800305210210b1999 xxu||||| |||| 00| 0 eng d a81 219 1483 3 a658.562 DALI aDALELA (Suresh) and SAURABH. aISO 9000 a manual for total quality management. aN DbS. Chand & Co. Ltd.c1999 avii, 472 aI S O 9000, Total Quality Management T Q M  aQuality Contr a0557 c102986d102986 001040708ManagementaALbALcManagementd2021-02-17eHigginbothams (P) Ltd., Mangalore-01.g300.00l0o658.562 DALIp055702r2021-02-17 00:00:00w2021-02-17yBK